00528 2200193 4500001002100000005001500021035002000036007000300056008004100059020002200100082001300122084002000135100001800155245006100173250000600234260004400240300004000284650001000324INLIS00000000000203720260223100026 a0010-0226000047ta260223 d 1 ind  a978-979-20-3753-5 a741.5592 a741.5592 HIR k0 aHiroko Kazama1 aKurayami No Shinwa 1 :bDarkness Myth 1 /cHiroko Kazama a- aJakarta :bElex Media Komputindo,c2002 a203 hlm. :bilus. ;c11.5 x 17.5 cm akomik